Listed sector (Record no. 81241)

MARC details
000 -LEADER
fixed length control field 00831cab a22001815a 4500
001 - CONTROL NUMBER
control field L146680
008 - FIXED-LENGTH DATA ELEMENTS--GENERAL INFORMATION
fixed length control field 090216e2009 xxkad f s 000 0 eng d
035 ## - SYSTEM CONTROL NUMBER
System control number (Sirsi) u146680
041 0# - LANGUAGE CODE
Language code of text/sound track or separate title eng
245 00 - TITLE STATEMENT
Title Listed sector
260 ## - PUBLICATION, DISTRIBUTION, ETC.
Date of publication, distribution, etc. 2009
490 #0 - SERIES STATEMENT
Series statement Asia Property
Volume/sequential designation February 2009, 19-25(7)
520 ## - SUMMARY, ETC.
Summary, etc. Argues that property companies across Asia will feel the pressure of the downturn well into 2009, as consumers, tenants and potential home buyers cut spending, and China's economy (the region's motor) slows down. Reports that China's government has made the launch of REITS a priority as part of its efforts to stimulate the property sector, but product development may take years. Tables.
590 ## - LOCAL NOTE (RLIN)
Local note KA
651 #4 - SUBJECT ADDED ENTRY--GEOGRAPHIC NAME
Geographic name Asia Pacific
690 ## - LOCAL SUBJECT ADDED ENTRY--TOPICAL TERM (OCLC, RLIN)
Topical term or geographic name as entry element PROPERTY-COMMERCIAL PROPERTY-COMMERCIAL PROPERTY MARKET
942 ## - ADDED ENTRY ELEMENTS (KOHA)
Suppress in OPAC 0
Holdings
Withdrawn status Lost status Source of classification or shelving scheme Damaged status Not for loan Home library Current library Shelving location Date acquired Total Checkouts Full call number Barcode Date last seen Copy number Price effective from Koha item type
    Dewey Decimal Classification     London London Journal article 16/02/2009   L146680 146680-1001 06/08/2019 1 06/08/2019 Journal article